Ekonomicko-právna organizácia civilnej leteckej dopravy
Špecifiká medzinárodnej leteckej dopravy. Právna a inštitucionálna základňa medzinárodnej leteckej dopravy. Dohovor o medzinárodnom civilnom letectve. Bilaterálne letecké dohody. Porovnanie protekcionistických a liberálnych leteckých dohôd.
Salvato in:
| Autore principale: | |
|---|---|
| Natura: | Capitolo di libro |
| Lingua: | slovacco |
| Soggetti: | |
| Tags: |
Nessun Tag, puoi essere il primo ad aggiungerne!!
|
MARC
| LEADER | 00000nla$a2200000$$$4500 | ||
|---|---|---|---|
| 001 | 0105164 | ||
| 005 | 20240502083250.1 | ||
| 041 | 0 | |a slo | |
| 044 | |a CZ | ||
| 245 | 1 | 0 | |a Ekonomicko-právna organizácia civilnej leteckej dopravy |c Martin Grančay |
| 520 | |a Špecifiká medzinárodnej leteckej dopravy. Právna a inštitucionálna základňa medzinárodnej leteckej dopravy. Dohovor o medzinárodnom civilnom letectve. Bilaterálne letecké dohody. Porovnanie protekcionistických a liberálnych leteckých dohôd. | ||
| 610 | 2 | 0 | |a doprava letecká medzinárodná |
| 610 | 2 | 0 | |a doprava letecká osobná |
| 610 | 2 | 0 | |a organizácia |
| 610 | 2 | 0 | |a dohody medzinárodné |
| 100 | 1 | |a Grančay, Martin, 1984-2024 | |